000 01377cam a22003255i 4500
001 19253926
005 20180926093745.0
008 160830s2016 maua b 000 0 eng c
010 _a 2016286032
020 _a1630810932
020 _a9781630810931
035 _a(OCoLC)ocn938392600
040 _aYDXCP
_beng
_cYDXCP
_erda
_dBDX
_dBTCTA
_dOCLCO
_dOCLCF
_dOCLCQ
_dUPM
_dEYM
_dOCL
_dDLC
042 _apcc
082 _a621.38132 DOB
100 1 _aDobrowolski, Janusz,
_eauthor.
245 1 0 _aScattering parameters in RF and microwave circuit analysis and design
_b
_cJanusz A. Dobrowolski.
300 _axv, 402 pages :
_billustrations ;
_c24 cm.
500 _a"Based on the popular Artech House title Microwave network design using the scattering matrix, this resource provides comprehensive coverage of the wave approach to microwave network characterization, analysis, and design using scattering parameters"-- Page [4] of cover.
504 _aIncludes bibliographic references and index.
650 0 _aMicrowave circuits.
650 0 _aMicrowave communication systems.
650 0 _aS-matrix theory.
650 7 _aMicrowave circuits.
_2fast
650 7 _aMicrowave communication systems.
_2fast
650 7 _aS-matrix theory.
_2fast
906 _a0
_bibc
_cpccadap
_d2
_encip
_f20
_gy-gencatlg
942 _2ddc
_cBK
999 _c490579
_d490579